000 00205 a2200109 4500
020 _a9780736841412
041 _aspa
100 _aJeri S Cipriano
245 _aClases de Ropa
942 _cBK
952 _71
999 _c21570
_d21570